التأمين الخاص وفقاً لأحكام القانون المدني المصري / (رقم التسجيلة. 81087)

تفاصيل مارك
000 -الفاتح
عناصر البيانات ثابتة الطول 00765cam a2200193 i 4500
005 - تاريخ ووقت آخر معاملة
حقل ضبط 20260127095548.0
008 - عناصر البيانات ثابتة الطول
عناصر البيانات ثابتة الطول 250721s9999 ua gr 000 0 ara d
082 14 - رقم تصنيف ديوي العشري
رقم التصنيف 347
رقم المادة ج م ا
100 1# - مدخل رئيسي – اسم شخصي
الاسم الشخصي الجمال، مصطفى محمد
علاقة الشخص بالعمل/ دوره مؤلف.
245 12 - بيان العنوان
العنوان التأمين الخاص وفقاً لأحكام القانون المدني المصري /
بيان المسؤولية الاستاذ الدكتور مصطفى محمد الجمال.
250 ## - بيان الطبعة
بيان الطبعة الطبعة الأولى.
264 31 - بيانات النشر، التوزيع…إلخ
مكان النشر، التوزيع...إلخ الإسكندرية :
اسم الناشر، الموزع...إلخ الفتح للطباعة والنشر،
تاريخ النشر، التوزيع...إلخ 2001.
300 ## - الوصف المادي
عدد الوحدات المكونة للوعاء 338 صفحة.
650 17 - مدخل إضافي بالموضوع - مصطلح موضوعي
مصطلح موضوعي أو اسم جغرافي كعنصر مدخل القانون المدني.
650 17 - مدخل إضافي بالموضوع - مصطلح موضوعي
مصطلح موضوعي أو اسم جغرافي كعنصر مدخل قانون التأمين.
650 17 - مدخل إضافي بالموضوع - مصطلح موضوعي
مصطلح موضوعي أو اسم جغرافي كعنصر مدخل شركات التأمين.
942 ## - بيانات إضافية (كوها)
نوع التنصيف Dewey Decimal Classification
نوع المادة (كوها) كتب
المقتنيات
حالة السحب حالة الفقدان مصدر التصنيف حالة التلف غير قابل للإعارة المكتبة الرئيسية المكتبة الحالية موقع الرف تاريخ التزويد الرقم المتسلسل Total Checkouts رقم الإستدعاء الباركود تاريخ آخر ظهور تاريخ الفاتورة نوع المادة (كوها)
    Dewey Decimal Classification     المكتبة المركزية المكتبة المركزية الإعارة 30/03/2011 1440074   347 / ج م ا PLD00199005 28/07/2025 30/03/2011 كتب
Implemented & Customized by: BBB with SCIT (Smart Chains for Information Technology)

Powered by Koha